000 00769nam a2200253Ia 4500
003 OSt
005 20221005072937.0
006 a|||||r|||| 00| 0
007 ta
008 221004b |||||||| |||| 00| 0 eng d
020 _a1850657599
_c395
024 _a86397
037 _b1856, 30/03/2007, The Book Seller
_cTextual
040 _aCRL
_cCRL
_beng
041 _2eng
_aeng
082 _aV4498.P1, P6
100 _aWickramasinghe Nira
245 0 _aSri Lanka in the modern age
_b A history of contested identities
260 _aNew Delhi
_bFoundation Books India
_c2006
300 _a360p.
_ccm.
650 _aHISTORY
942 _hV4498.P1, P6
_cTEXL
_2cc
999 _c980301
_d980301